Biblioteca

Falacias exegéticas (Registro nro. 45207)

Detalles MARC
000 -LÍDER
Campo fijo de descripción fija 01805nam a2200469 i 4500
001 - NÚMERO DE CONTROL
Campo de control 768714001
003 - IDENTIFICADOR DEL NÚMERO DE CONTROL
Campo de control CO-MdFUSB
005 - FECHA Y HORA DE LA ULTIMA TRANSACCIÓN
control field 20200819113155.0
007 - CAMPO FIJO DE DESCRIPCIÓN FIJA--INFORMACIÓN GENERAL
Campo fijo de descripción fija ta
007 - CAMPO FIJO DE DESCRIPCIÓN FIJA--INFORMACIÓN GENERAL
Campo fijo de descripción fija cr aa aaaaaaaa
008 - ELEMENTOS DE LONGITUD FIJA -- INFORMACIÓN GENERAL
Campo fijo de descripción fija -- Información general 170516t1996 s ||||| |||| 00| 0 s d
020 ## - NÚMERO INTERNACIONAL NORMALIZADO PARA LIBROS
Número Internacional Normalizado del libro 9788482675626
Información adicional impreso
020 ## - NÚMERO INTERNACIONAL NORMALIZADO PARA LIBROS
Número Internacional Normalizado del libro 9788482677149
Información adicional electrónico
040 ## - FUENTE DE CATALOGACIÓN
Agencia de catalogación original CO-MdFUSB
Idioma de catalogación spa
Agencia que realiza la transcripción CO-MdFUSB
Agencia que realiza la modificación CO-MdFUSBC
Convenciones de la descripción rda
041 0# - CÓDIGO DE IDIOMA
Código de idioma para texto/pista de sonido o título separado spa
082 04 - NÚMERO DE CLASIFICACIÓN DECIMAL DEWEY
Número de la edición del Dewey 23
Número de clasificación 220.6
Clave de autor-Numero de item C3212f
100 1# - ASIENTO PRINCIPAL--NOMBRE PERSONAL
Nombre personal Carson, D. A. (Donald A.)
Término relacionador autor
240 ## - TITULO UNIFORME
Título uniforme <a href="Falacias exegéticas : Interpretación eficaz hoy">Falacias exegéticas : Interpretación eficaz hoy</a>
245 #0 - TÍTULO
Título del Material Falacias exegéticas
Mención de responsabilidad, etc. / D. A. Carson ; Traducido por Beatriz Fernández
Medio físico [Recurso físico y electrónico]
264 #4 - PRODUCCIÓN, PUBLICACIÓN, DISTRIBUCIÓN, MANUFACTURA, Y COPYRIGHT
Lugar de producción, publicación, distribución, manufactura Barcelona :
Nombre del productor, publicador, distribuidor Editorial Clie,
Fecha de producción, publicación, distribución, manufactura, o copyright ©1996
300 ## - DESCRIPCIÓN FÍSICA
Extensión 146 páginas
Dimensiones ; 23 cm
336 ## - TIPO DE CONTENIDO
Fuente rdacontent
Término de tipo de contenido texto
Código de tipo de contenido txt
337 ## - TIPO DE MEDIO
Fuente rdamedia
Nombre del tipo de medio otro
Código del tipo de medio n
337 ## - TIPO DE MEDIO
Fuente rdamedia
Nombre del tipo de medio informático
Código del tipo de medio c
338 ## - TIPO DE SOPORTE
Fuente rdacarrier
Nombre del tipo de soporte volumen
Código Tipo de soporte nc
338 ## - TIPO DE SOPORTE
Fuente rdacarrier
Nombre del tipo de soporte remoto
Código Tipo de soporte cr
500 ## - NOTA GENERAL
Nota General Título original en inglés: Exegetical fallacies
501 ## - NOTA DE “CON”
Nota de Contenido rústico
505 ## - NOTA DE CONTENIDO
Nota de contenido con formato preestablecido Falacias en el estudio de palabras -- Falacias gramaticales -- Falacias lógicas -- Falacias históricas y por presuposición -- Reflexiones finales
506 ## - NOTA DE RESTRICCIONES DE ACCESO
Condiciones de acceso Préstamo en biblioteca del libro físico
506 ## - NOTA DE RESTRICCIONES DE ACCESO
Condiciones de acceso Solicitar clave y usuario para acceder al libro electrónico.
506 ## - NOTA DE RESTRICCIONES DE ACCESO
Condiciones de acceso Libro multiusuario.
563 ## - NOTA DE ENCUADERNACIÓN
Nota de encuadernación Rústico
650 #0 - ASIENTO SECUNDARIO DE MATERIA - TERMINO TEMÁTICO
Término temático o nombre geográfico como elemento de entrada Biblia
9 (RLIN) 16
650 #7 - ASIENTO SECUNDARIO DE MATERIA - TERMINO TEMÁTICO
Término temático o nombre geográfico como elemento de entrada Hermenéutica
9 (RLIN) 418
653 ## - TÉRMINO DE INDIZACIÓN - NO CONTROLADO
Término no controlado Exégesis bíblica
653 ## - TÉRMINO DE INDIZACIÓN - NO CONTROLADO
Término no controlado Errores populares - Biblia
856 ## - LOCALIZACIÓN Y ACCESO ELECTRÓNICOS
Numero de Acceso 1681938
Identificador Uniforme del Recurso <a href="http://search.ebscohost.com/login.aspx?direct=true&scope=site&db=nlebk&db=nlabk&AN=1681938">http://search.ebscohost.com/login.aspx?direct=true&scope=site&db=nlebk&db=nlabk&AN=1681938</a>
Nota dirigida al público <a href="Abrir Versión electrónica del libro Falacias exegéticas">Abrir Versión electrónica del libro Falacias exegéticas</a>
942 ## - TIPO DE MATERIAL (KOHA)
Tipo de Item KOHA Libros General
945 ## - INFORMACIÓN LOCAL DEL REGISTRO
Catalogador JTF-925
Existencias
Estado de Material Estado de Perdido Forma de Clasificación Estado de Dañado No para Préstamo Colección Tomo Biblioteca de Origen Biblioteca Permanente Fecha de Adquisición Total de Préstamos Total de Renovaciones Signatura Topográfica Código de Barras Última vez visto Última vez Préstado Ejemplar/Existencia Fecha de Remplazo Tipo de Material Ubicación en Estantería Área Url Nota Pública
    Dewey Decimal Classification     Colección General   Biblioteca FUSBC Biblioteca FUSBC 19/11/2014 17 5 G 220.6 C3212f 18792 01/04/2025 18/02/2025 1 26/01/2016 Libros General        
          Colección General   Biblioteca FUSBC Biblioteca FUSBC 19/11/2014 12 5 G 220.6 C3212f 18794 19/10/2022 25/08/2022 3 26/01/2016 Libros General        
    Dewey Decimal Classification     Colección General   Biblioteca FUSBC Biblioteca FUSBC 19/11/2014 20 5 G 220.6 C3212f 18793 01/09/2022 12/08/2022 2 26/01/2016 Libros General        
    Dewey Decimal Classification     Colección Libros Electrónicos   Biblioteca FUSBC Biblioteca FUSBC 19/08/2020       ID1681938 19/08/2020   Ej.1 19/08/2020 Libro electrónico Libro electrónico BIBLIA https://bit.ly/32a1LAT LIBRO ELECTRÓNICO - Seguir el link de acceso

Biblioteca FUSBC | Teléfono: (57+4) 349 88 10 Ext. 141| WhatsApp (+57) 3005338115 
E-mail: biblioteca@unisbc.edu.co | Calle 76 87-14 Robledo Palenque, Medellín, Colombia

Con tecnología Koha